000 00878nam a2200265Ia 4500
003 OSt
005 20220918164839.0
006 a|||||r|||| 00| 0
007 ta
008 220917b |||||||| |||| 00| 0 eng d
020 _a0801816688
024 _a251,274
037 _cTextual
040 _aARTS
_cARTS
_beng
041 _2eng
_aeng
082 _aY7:(D)p596,N72, L2
100 _aChapanis Alphonse Ed.
_921241
111 _aSymposium on National and cultural variables in human factors engineering (19-2-e 19 : Oosterbeek Netherlands)
_921242
245 0 _aEthnic variables in human factors engineering edited by Alphonse Chapanis
260 _aBaltimore
_bJohns Hopkins University Press USA
_c1975
300 _a290p.
_ccm.
650 _aSOCIOLOGY
942 _hY7:(D)p596,N72, L2
_cTEXL
_2CC
999 _c127001
_d127001